000 00553nam a2200217Ia 4500
003 OSt
005 20220924152834.0
006 a|||||r|||| 00| 0
007 ta
008 220923b |||||||| |||| 00| 0 ara d
024 _a344953
037 _cTextual
040 _aARTS
_cARTS
_bara
041 _2ara
_aara
082 _aX:75.2.N5, 28K0
245 0 _aMashru al-sanwat al-khams fi al-hind
260 _c1960
650 _aECONOMIC POLICY - INDIA
_9190434
942 _hX:75.2.N5, 28K0
_cTEXL
_2CC
999 _c471195
_d471195